01209nam a2200265 a 450000100100000000500170001000800410002702000150006804000250008308200200010810000290012824500930015726000510025030000270030150000410032850000320036965000310040165000560043265000260048870000420051495201320055695201170068895201230080599900150092800000670420200929153958.0090902s2006 dr a 000 0 spa d a0977953300 aDO-SdBNPbspacBNPHU a616.8527bG969d1 aGuízar, Haroldo91866410aDepresión masculina :bcomo enfrentar esta gran batalla emocional /cHaroldo Guízar. aSanto Domingo :bTriunfo Publicaciones,c2006. a179 p. :bil ;c23 cm. aIncluye referencias bibliográficas aIncluye datos biográficos 4aEstres (psicología)9464 4aEstres (psicología)xPreención y control918665 4aPsicopatología96721 aValenzuela, Alfonsoeprólogo918666 001054708DSaGRbGRcCTd2009-09-02iLF1l0o616.8527 G969dp6704-30r2020-06-25te. 3w2020-06-25yLFDSZPréstamo en sala 0010718PDaPDbPDcCTd2009-09-02iLF1l0o616.8527 G969dp6704-10r2020-06-25w2020-06-25yLFPDZNo se presta 0010718PDaPDbPDcCTd2009-09-02iLF1l0o616.8527 G969dp6704-20r2020-06-25te. 2w2020-06-25yLFPDZNo se presta c6493d6493